Tệ nạn xã hội trẻ em tại Hà Nội - thực trạng và suy nghĩ về giải pháp /
Uloženo v:
| Hlavní autor: | |
|---|---|
| Médium: | Článek |
| Jazyk: | Vietnamese |
| Témata: | |
| Tagy: |
Přidat tag
Žádné tagy, Buďte první, kdo otaguje tento záznam!
|
| Thư viện lưu trữ: | Thư viện Trường Đại học Đà Lạt |
|---|
| LEADER | 00894nam a2200313 4500 | ||
|---|---|---|---|
| 001 | DLU040030178 | ||
| 040 | # | # | |a DLU |b vie |
| 041 | # | # | |a vie |
| 044 | # | # | |a vn |
| 100 | # | # | |a Nguyễn Đức Chính |
| 245 | # | # | |a Tệ nạn xã hội trẻ em tại Hà Nội - thực trạng và suy nghĩ về giải pháp / |c Nguyễn Đức Chính |
| 651 | # | # | |a Hà Nội |
| 653 | # | # | |a Chăm sóc sức khoẻ |
| 653 | # | # | |a Chuẩn mực xã hội |
| 653 | # | # | |a Tệ nạn xã hội |
| 653 | # | # | |a Trẻ em |
| 773 | # | # | |t Xã hội học |g Số 2, 1997, tr 88 - 90 |
| 920 | # | # | |a Phòng Tạp chí -- Trung tâm Thông tin - Thư viện Trường Đại học Đà Lạt |
| 933 | # | # | |a CP |
| 933 | # | # | |a XH |
| 994 | # | # | |a DLU |
| 900 | # | # | |a True |
| 911 | # | # | |a Trần Văn Thống Nhất |
| 925 | # | # | |a G |
| 926 | # | # | |a A |
| 927 | # | # | |a BB |
| 980 | # | # | |a Thư viện Trường Đại học Đà Lạt |